[Event "EU-Cup Online Gr-A"]
[Site "Tornelo INT"]
[Date "2021.03.28"]
[Round "8.3"]
[White "Shirov, Alexei"]
[Black "Emir, Doruk"]
[Result "1-0"]
[WhiteElo "2662"]
[BlackElo "1852"]
[PlyCount "61"]
[EventDate "2021.03.27"]
[EventType "team-tourn (rapid)"]
[EventRounds "9"]
[EventCountry "NET"]
[SourceTitle "CBM 201 Extra"]
[Source "ChessBase"]
[SourceDate "2021.05.31"]
[SourceVersion "1"]
[SourceVersionDate "2021.05.31"]
[SourceQuality "1"]
[WhiteTeam "Baden Baden"]
[BlackTeam "Chess Boys"]
[WhiteTeamCountry "GER"]
[BlackTeamCountry "TUR"]

1. e4 d6 2. d4 Nf6 3. Nc3 g6 4. f4 Bg7 5. Nf3 0-0 6. e5 Ne8 7. h4 Bg4 8. h5 dxe5 9. hxg6 fxg6 10. Ng5 h5 11. Qxg4 Nf6 12. Qe6+ Kh8 13. dxe5 Qe8 14. Bc4 Nbd7 15. Nf7+ Kh7 16. exf6 exf6 17. f5 Rxf7 18. fxg6+ Kh8 19. Rxh5+ Kg8 20. gxf7+ Kf8 21. fxe8Q+ Rxe8 22. Rh8+ Bxh8 23. Bh6+ Bg7 24. Bxg7+ Kxg7 25. Qxe8 Ne5 26. Qg8+ Kh6 27. Ke2 Ng6 28. Rh1+ Kg5 29. Kf3 Kf5 30. Qe6+ Kg5 31. Ne4# 1-0

[Event "EU-Cup Online Gr-A"]
[Site "Tornelo INT"]
[Date "2021.03.27"]
[Round "1.4"]
[White "Emir, Doruk"]
[Black "Arkell, Keith C"]
[Result "1/2-1/2"]
[WhiteElo "1852"]
[BlackElo "2381"]
[PlyCount "148"]
[EventDate "2021.03.27"]
[EventType "team-tourn (rapid)"]
[EventRounds "9"]
[EventCountry "NET"]
[SourceTitle "CBM 201 Extra"]
[Source "ChessBase"]
[SourceDate "2021.05.31"]
[SourceVersion "1"]
[SourceVersionDate "2021.05.31"]
[SourceQuality "1"]
[WhiteTeam "Chess Boys"]
[BlackTeam "La Garde du Roi"]
[WhiteTeamCountry "TUR"]
[BlackTeamCountry "BEL"]

1. e4 c6 2. d4 d5 3. Nd2 dxe4 4. Nxe4 Nd7 5. Nf3 Ngf6 6. Nxf6+ Nxf6 7. c3 Bg4 8. h3 Bxf3 9. Qxf3 e6 10. Bd3 Be7 11. 0-0 0-0 12. Bf4 a6 13. Rfe1 Rc8 14. Rad1 Qd5 15. Qxd5 Nxd5 16. Bg3 Rfd8 17. Be4 b5 18. Kf1 h6 19. Rd3 Bd6 20. Bxd6 Rxd6 21. Red1 g5 22. g3 Kg7 23. Ke2 Rd7 24. Bxd5 cxd5 25. Kd2 Rdc7 26. a3 Kg6 27. Kc2 a5 28. Kb3 Rc4 29. Kc2 b4 30. axb4 axb4 31. Ra1 bxc3 32. Rxc3 Rxc3+ 33. bxc3 h5 34. Ra7 g4 35. h4 Rb8 36. Kc1 Rh8 37. Kd2 Kg7 38. Kd3 Rb8 39. Kc2 Kg6 40. Kc1 f6 41. Ra6 Kf5 42. Kc2 Rb7 43. Kc1 Re7 44. Kd2 Rc7 45. Kc2 e5 46. dxe5 fxe5 47. Kd3 e4+ 48. Kd4 Rc4+ 49. Kxd5 Rxc3 50. Rh6 Rd3+ 51. Kc4 Rf3 52. Rxh5+ Kf6 53. Kd4 e3 54. fxe3 Rxg3 55. Rg5 Rg1 56. Ke4 g3 57. Kf3 Rh1 58. Kxg3 Re1 59. Kf4 Rh1 60. Rg4 Rf1+ 61. Ke4 Rh1 62. Rf4+ Ke6 63. Kf3 Rh3+ 64. Kg4 Rxe3 65. Kg5 Rg3+ 66. Kh6 Ke7 67. h5 Rg2 68. Kh7 Rg5 69. Kh6 Rg1 70. Kh7 Rg5 71. h6 Rg2 72. Kh8 Rg6 73. h7 Rg2 74. Rf7+ Kxf7 1/2-1/2